Guadalajara (Record no. 16720)

MARC details
000 -LEADER
campo de control de longitud fija 00803nam a2200253 i 4500
001 - NÚMERO DE CONTROL
campo de control 16720
003 - IDENTIFICADOR DE NÚMERO DE CONTROL
campo de control ES-MaACL
005 - FECHA Y HORA DE LA ÚLTIMA TRANSACCIÓN
campo de control 20230906151401.0
007 - CAMPO FIJO DE DESCRIPCIÓN FÍSICA--INFORMACIÓN GENERAL
campo de control de longitud fija t|
008 - DATOS DE LONGITUD FIJA--INFORMACIÓN GENERAL
campo de control de longitud fija 001026s2000 sp ||||1| spa d
080 ## - NÚMERO DE LA CLASIFICACIÓN DECIMAL UNIVERSAL
Número de la Clasificación Decimal Universal 929:77 Camarillo Hierro, Tomás
080 ## - NÚMERO DE LA CLASIFICACIÓN DECIMAL UNIVERSAL
Número de la Clasificación Decimal Universal 914.602.81(0:77)
100 1# - ENTRADA PRINCIPAL--NOMBRE DE PERSONA
Nombre de persona Camarillo Hierro, Tomás.
9 (RLIN) 34014
245 10 - MENCIÓN DEL TÍTULO
Título Guadalajara
Resto del título : memorias de mi vida /
Mención de responsabilidad, etc. Tomás Camarillo Hierro.
260 ## - PUBLICACIÓN, DISTRIBUCIÓN, ETC.
Lugar de publicación, distribución, etc. [Madrid] :
Nombre del editor, distribuidor, etc. Casa de Guadalajara en Madrid,
Fecha de publicación, distribución, etc. 2000.
300 ## - DESCRIPCIÓN FÍSICA
Extensión 185 p. ;
Dimensiones 20 cm.
490 1# - MENCIÓN DE SERIE
Mención de serie Guadamadrid ;
Designación de volumen o secuencia 6
600 14 - PUNTO DE ACCESO ADICIONAL DE MATERIA--NOMBRE DE PERSONA
Nombre de persona Camarillo Hierro, Tomás.
9 (RLIN) 34014
651 #4 - PUNTO DE ACCESO ADICIONAL DE MATERIA--NOMBRE GEOGRÁFICO
Nombre geográfico Guadalajara (Provincia)-
Subdivisión general Historia.
9 (RLIN) 8795
710 2# - ENTRADA AGREGADA--NOMBRE DE ENTIDAD CORPORATIVA
Nombre de entidad corporativa o nombre de jurisdicción como elemento de entrada Casa de Guadalajara en Madrid.
9 (RLIN) 2471
830 1# - PUNTO DE ACCESO ADICIONAL DE SERIE-TÍTULO UNIFORME
Título uniforme Guadamadrid ;
Designación de volumen o secuencia 6
9 (RLIN) 183178
852 ## - LOCALIZACIÓN
Ubicación ES-MaACL
Número de control de estantería L-23806
Holdings
Estatus retirado Estado de pérdida Estado de daño No para préstamo Biblioteca de origen Biblioteca actual Ubicación en estantería Fecha de adquisición Fuente de adquisición Total de préstamos Signatura topográfica completa Código de barras Visto por última vez Precio de reemplazo Tipo de ítem Koha
        Biblioteca del Ateneo de Madrid Biblioteca del Ateneo de Madrid Depósito 2 17/01/2008     L-23806 1016982 23/02/2023 23/02/2023 Libro impreso